China in crisis : China's heritage and the communist political system
সংরক্ষণ করুন:
| বিন্যাস: | গ্রন্থ |
|---|---|
| ভাষা: | Undetermined |
| প্রকাশিত: |
Chicago
University of Chicago Press
1968
|
| বিষয়গুলি: | |
| ট্যাগগুলো: |
ট্যাগ যুক্ত করুন
কোনো ট্যাগ নেই, প্রথমজন হিসাবে ট্যাগ করুন!
|
| Thư viện lưu trữ: | Trung tâm Học liệu Trường Đại học Cần Thơ |
|---|
| LEADER | 00532nam a2200181Ia 4500 | ||
|---|---|---|---|
| 001 | CTU_89921 | ||
| 008 | 210402s9999 xx 000 0 und d | ||
| 082 | |a 915.1 | ||
| 082 | |b C539/Vol.1/B.2 | ||
| 245 | 0 | |a China in crisis : | |
| 245 | 0 | |b China's heritage and the communist political system | |
| 245 | 0 | |c Edited by Ping-ti Ho and Tang Tsou | |
| 260 | |a Chicago | ||
| 260 | |b University of Chicago Press | ||
| 260 | |c 1968 | ||
| 650 | |a China | ||
| 904 | |i Bằng,Hải | ||
| 980 | |a Trung tâm Học liệu Trường Đại học Cần Thơ | ||